|
|
|
|
| LEADER |
00000nam2a2200000 4500 |
| 001 |
59415 |
| 005 |
20231101211817.0 |
| 010 |
|
|
|a 5797502763
|
| 035 |
|
|
|a (RuTPU)RU\TPU\book\62807
|
| 090 |
|
|
|a 59415
|
| 100 |
|
|
|a 20031229d2003 m y0rusy50 ca
|
| 101 |
0 |
|
|a rus
|
| 102 |
|
|
|a RU
|
| 105 |
|
|
|a y jz 000zy
|
| 200 |
0 |
|
|a Т. 1
|
| 210 |
|
|
|d 2003
|
| 215 |
|
|
|a 392 с.
|
| 461 |
|
1 |
|0 (RuTPU)RU\TPU\book\63091
|y 5-7975-0275-5
|t Хрестоматия по Всеобщей истории государства и права
|f Под ред. К. И. Батыра; Е. В. Поликарповой
|v Т. 1
|d 2003-
|
| 606 |
1 |
|
|a Государство и право
|x История
|2 stltpush
|3 (RuTPU)RU\TPU\subj\68127
|9 83645
|
| 610 |
1 |
|
|a право
|
| 610 |
1 |
|
|a государство
|
| 610 |
1 |
|
|a история
|
| 610 |
1 |
|
|a всеобщая история
|
| 610 |
1 |
|
|a Древний мир
|
| 610 |
1 |
|
|a Древний Восток
|
| 610 |
1 |
|
|a античность
|
| 610 |
1 |
|
|a Древняя Греция
|
| 610 |
1 |
|
|a Древний Рим
|
| 610 |
1 |
|
|a средние века
|
| 610 |
1 |
|
|a Франкское государство
|
| 610 |
1 |
|
|a Франция
|
| 610 |
1 |
|
|a Германия
|
| 610 |
1 |
|
|a Англия
|
| 610 |
1 |
|
|a хрестоматии
|
| 610 |
1 |
|
|a учебные пособия
|
| 610 |
1 |
|
|a 10 век
|
| 610 |
1 |
|
|a 11 век
|
| 610 |
1 |
|
|a 12 век
|
| 610 |
1 |
|
|a 13 век
|
| 610 |
1 |
|
|a 14 век
|
| 686 |
|
|
|a Х2(0)я73
|v LBC/SL-A
|2 rubbk
|
| 801 |
|
1 |
|a RU
|b 63413507
|c 20031229
|g PSBO
|
| 801 |
|
2 |
|a RU
|b 63413507
|c 20230315
|g PSBO
|
| 942 |
|
|
|c BK
|
| 959 |
|
|
|a 118/20040908
|d 1
|e 140,47
|f ЧЗГЛ:1
|